000 00651nam a22001937a 4500
005 20251108172423.0
008 250721s2002 xx 000 0 ara d
082 1 4 _a190/نجا
100 1 _aالنجار، تيسير
_eمؤلف
245 1 0 _aالخروج عن تفاحة نيوتن :
_bمقالات فلسفية للأديب الراحل مصطفى الفواخيري /
264 1 _aعمان :
_bدار اليراع للنشر،
_c2002.
300 _a262 ص
650 1 7 _aالفلسفة
650 1 7 _aالمقالات
650 1 7 _aالنقد الفلسفي
650 1 7 _aالفلسفة الحديثة
942 _2ddc
_cBK
999 _c78874
_d78874